00185nam a2200073Ia 4500008004100000082000800041100002100049245004100070240331s9999 xx 000 0 und d bSHA aShanmugathasan,N 0aOru Communistin Arasiyal Ninaivugal